01974nam a2200289 a 4500001001000000005001700010041000800027044000700035084002000042100004500062245017600107250000600283260004700289300001700336500028800353500016700641500045600808500010201264500001001366546002401376650005201400650005601452650003401508650004501542700004701587740005001634BRCA_343420190320204300.0 aita ait a723b.Z47c17551 aCervantes Saavedra, Miguel ded1547-161610aVita e Azioni dell´Ingegnoso Cittadino D. Chisciotte della Manciacdi Michel di Cervantes Saavedra ; Tradotta dal Spagnolo al Italiano, da Lorenzo Franciosini Fiorentino. a5 aVeneciabAppresso Guglielmo Zerlettic1755 a4 v.c19 cm. aContenido : v.1. Primera parte. Prefacio de Giambatista Pascuale. Advertencia del traductor. Prólogo del autor. Noticia sobre Cervantes tomada de la vida del mismo escrita por Mayáns. -- v.2. Primera parte. Texto. -- v.3. Primera parte. Final. Texto. -- v.4. Segunda parte. Texto aEdición : Quinta edizione diligentemente corretta, migliorata, ed. accresciuta della Vita dell´Autore novellarmente Tradotta; ommessa nelle precedenti edizioni aQuinta edición de la versión de Franciosini. Va precedida de un prefacio, escrito por Giambatista Pascuale en el que se dice que se ha corregido el texto. En efecto, en esta edición se han enmendado muchas de las faltas y errores de imprenta de las ediciones anteriores. Contiene, además, una noticia biográfica sobre Cervantes, tomada de la biografía escrita por Mayáns. Edición económica. Impresión y papel malos Lúdovik Osterc aEstado físico : Firma en tinta ferrogálica en la portada, encuadernación y papel maltratado aQM542 aTexto en : italiano14aNovela españolayÉpoca clásica, 1500-170014aLiteratura españolayÉpoca clásica, 1500-170014aNovela españolaySiglo XVII14aDon Quijote (Personaje ficticio)eNovela1 aFranciosini Fiorentino, LorenzoeTraductor0 aEl Ingenioso Hidalgo Don Quijote de la Mancha